000 00463nam a2200169Ia 4500
999 _c22033
_d22033
003 OSt
005 20200323113800.0
008 190216s9999||||xx |||||||||||||| ||und||
040 _coclc
082 _a297
_bKLE/R
100 _aKlein, F A
_92164
245 4 _aThe Religion Of Islam /
_cF A Klein
260 _bKitab Bhavan,
_c1977.
_aNew Delhi:
300 _a241p
650 _aIslamic History
942 _cBK
_2ddc
_h297
_iKLE/R
_k297
_mKLE/R